Normal view
MARC view
Entry Personal Name
001 - CONTROL NUMBER
- control field: 26106
003 - CONTROL NUMBER IDENTIFIER
- control field: ARRUPE
005 - DATE AND TIME OF LATEST TRANSACTION
- control field: 20160923101033.0
008 - FIXED-LENGTH DATA ELEMENTS
- fixed length control field: 160923|| aca||aabn | a|a d
040 ## - CATALOGING SOURCE
- Original cataloging agency: ARRUPE
- Transcribing agency: ARRUPE
100 ## - HEADING--PERSONAL NAME
- Personal name: Beyerhaus, Peter (ed.)
670 ## - SOURCE DATA FOUND
- Source citation: Work cat.: (ARRUPE)125309: Sundkler, Bengt 26105, The Church crossing frontiers, 1969